Analysis of Slovakia Regions on the Basis of Employment of University Graduates
Porovnanie okresov Slovenskej republiky v rokoch 2019 a 2020 pomocou zhlukovej analýzy a vplyv koronavírusu na pozície okresov rozdelených podľa relatívnych ukazovateľov nezamestnanosti absolventov vysokých škôl.
Salvato in:
| Autore principale: | |
|---|---|
| Natura: | Capitolo di libro |
| Lingua: | slovacco |
| Soggetti: | |
| Tags: |
Nessun Tag, puoi essere il primo ad aggiungerne!!
|
MARC
| LEADER | 00000naa$a2200000$$$4500 | ||
|---|---|---|---|
| 001 | 0280943 | ||
| 005 | 20240502083900.2 | ||
| 041 | 0 | |a slo | |
| 044 | |a CZ | ||
| 245 | 1 | 0 | |a Analysis of Slovakia Regions on the Basis of Employment of University Graduates |c Ľubica Hurbánková |
| 520 | |a Porovnanie okresov Slovenskej republiky v rokoch 2019 a 2020 pomocou zhlukovej analýzy a vplyv koronavírusu na pozície okresov rozdelených podľa relatívnych ukazovateľov nezamestnanosti absolventov vysokých škôl. | ||
| 610 | 2 | 0 | |a kraje |
| 610 | 2 | 0 | |a absolventi |
| 610 | 2 | 0 | |a školy vysoké |
| 610 | 2 | 0 | |a zamestnanosť |
| 610 | 2 | 0 | |a koronavírus |
| 100 | 1 | |a Hurbánková, Ľubica, 1980- | |